New York Jets Head Coaches by Picture - Statistics

General Stats
  • This quiz has been taken 40 times
    7 since last reset
  • The average score is 11 of 22
Answer Stats
Picture Hint Answer % Correct
2021-2024 Robert Saleh
100%
2025-Present Aaron Glenn
86%
2009-2014 Rex Ryan
86%
2015-2018 Todd Bowles
86%
2019-2020 Adam Gase
71%
2001-2005 Herm Edwards
71%
1997-1999 Bill Parcells
57%
1976 Lou Holtz
57%
1994 Pete Carroll
57%
1963-1973 Weeb Ewbank
57%
2006-2008 Eric Mangini
43%
1976 Mike Holovak
43%
1995-1996 Rich Kotite
43%
1960-1961 Sammy Baugh
43%
1977-1982 Walt Michaels
43%
2000 Al Groh
29%
1990-1993 Bruce Coslet
29%
2024 Jeff Ulbrich
29%
1962 Bulldog Turner
14%
1974-1975 Charley Winner
14%
1983-1989 Joe Walton
14%
1975 Ken Shipp
14%
No matching quizzes found
Score Distribution
Percent of People with Each Score
Percentile by Number Answered
Your Score History
You have not taken this quiz since the last reset